00632nam a2200193 a 4500008004100000020002300041100003200064245009400096250001200190260005300202300003300255500002400288500002000312504004100332650003800373003000100411005001700412040000900429  a0852972008 (pbk.) 1 aHanson, D. G.q(Derrick G.)10aService banking :bthe all-purpose bank /cD.G. Hanson ; with a foreword by Lord Seebohm. a3rd ed. aLondon :bChartered Institute of Bankers,c1988. axi, 539 p. :bill. ;c22 cm. aPrevious ed.: 1982. aIncludes index. aIncludes bibliographical references. 0aBanks and bankingzGreat Britain.20230123133540.0 cNUST